00000000cam 2200000zi 4500
0019.957423
003CaOODSP
00520251209133346
006m     o  d f      
007cr cn ||||||||
008251119t20252025quca    o    f000 0 fre d
020 |a9780660797878
040 |aCaOODSP|bfre|erda|cCaOODSP
043 |an-cn---
0861 |aEn4-785/2025F-PDF
24500|aCadre national pour l'apprentissage en environnement au Canada.
24617|aCadre national pour l'apprentissage environnemental du Canada
264 1|a[Gatineau, Québec] : |bEnvironnement et changement climatique Canada = Environment and Climate Change Canada, |c[2025]
264 4|c©2025
300 |a1 ressource en ligne (ii, 22 pages) : |billustrations
336 |atexte|btxt|2rdacontent/fre
337 |ainformatique|bc|2rdamedia/fre
338 |aressource en ligne|bcr|2rdacarrier/fre
500 |aTitre de la couverture.
500 |aPublié aussi en anglais sous le titre : Canada's National Framework for Environmental Learning.
520 |a« Le cadre national pour l'apprentissage en environnement vise à combler les lacunes et à mieux intégrer l'apprentissage en environnement dans l'ensemble du Canada. Il fournit des principes directeurs, des domaines d'intervention et des exemples pour inspirer l'action. Ce cadre est destiné aux éducateurs, aux décideurs politiques et aux autres responsables des secteurs de l'éducation formelle et non formelle afin de les aider à créer des documents, des programmes et des initiatives d'apprentissage ou à s'inspirer des outils existants. Il soutient également l'élaboration d'objectifs, de critères d'évaluation et de rapports. Le cadre est de nature générale, ce qui permet de respecter les compétences provinciales et territoriales et de reconnaître la nécessité de l'adapter aux contextes locaux » -- Introduction, page 3.
650 6|aÉducation environnementale|zCanada.
650 6|aSciences de l'environnement|zCanada.
650 6|aEnvironnement|xPolitique gouvernementale|zCanada|xParticipation des citoyens.
7101 |aCanada. |bEnvironnement et changement climatique Canada, |eorganisme de publication.
77508|tCanada's National Framework for Environmental Learning.|w(CaOODSP)9.957422
85640|qPDF|s4.59 Mo|uhttps://publications.gc.ca/collections/collection_2025/eccc/en4/En4-785-2025-fra.pdf
8564 |qHTML|sS.O.|uhttps://www.canada.ca/fr/services/environnement/meteo/changementsclimatiques/participez/promouvoir-litteratie/cadre-national.html
986 |aEC25109